| 000 | 00365 a2200133 4500 | ||
|---|---|---|---|
| 005 | 20250529161004.0 | ||
| 020 | _a978.2.09033858-4 | ||
| 082 | _a415 GRE | ||
| 100 | _aGREGOIRE, M. | ||
| 245 | _aGrammaire Progressive du Francais : Avec 400 Exercices. | ||
| 260 |
_aParis, _bCLE International, _c2004. |
||
| 300 |
_a159.: ill.; picture _bIndex _c26cm. |
||
| 942 |
_2ddc _cBKS |
||
| 999 |
_c2859 _d2859 |
||